Kannst du alle Bahnhöfe von der Linie S1 nennen? - Statistiken

Allgemein
  • Dieses Quiz wurde 43 mal gespielt
  • Das Durchschnittsergebnis liegt bei 25 aus 39
Antwortstatistiken
Halt % Korrekt
Düsseldorf Hauptbahnhof
94%
Dortmund Hauptbahnhof
89%
Duisburg Hauptbahnhof
89%
Bochum Hauptbahnhof
83%
Düsseldorf Flughafen
83%
Essen Hauptbahnhof
83%
Mülheim ( Ruhr ) Hauptbahnhof
83%
Essen-Steele
77%
Essen West
77%
Solingen Hauptbahnhof
77%
Bochum-Langendreer
74%
Mülheim-Styrum
74%
Bochum-Langendreer West
71%
Dortmund-Dorstfeld Süd
71%
Dortmund Universität
71%
Dortmund-Dorstfeld
69%
Essen-Steele Ost
69%
Dortmund-Kley
66%
Essen-Frohnhausen
66%
Düsseldorf-Oberbilk
63%
Hilden
63%
Solingen Vogelpark
63%
Bochum-Ehrenfeld
57%
Bochum-Wattenscheid-Höntrop
57%
Dortmund-Oespel
57%
Düsseldorf Zoo
57%
Essen-Eiberg
57%
Düsseldorf-Eller
54%
Hilden Süd
54%
Düsseldorf-Angermund
51%
Düsseldorf-Unterrath
51%
Duisburg-Großenbaum
49%
Düsseldorf-Derendorf
49%
Düsseldorf Volksgarten
49%
Düsseldorf Wehrhahn
49%
Duisburg-Schlenk
46%
Duisburg-Buchholz
43%
Duisburg-Rahm
43%
Düsseldorf-Eller Mitte
43%
Keine übereinstimmenden Quizze gefunden
Verteilung der Resultate
Anzahl Personen mit jedem Resultat
Perzentil nach korrekt beantworteten Fragen
Ihre Resultats-Entwicklung
Sie haben dieses Quiz noch nicht gespielt